Terlewat

Bibliographic Details
Main Author: Oly Suraidah
Format: Book
Published: Kuala Lumpur : Star Trading , 2008
Series:Siri nilai murni

MARC

LEADER 00000cam a2200000 7i4500
001 0000051334
005 20150819.0
008 150819
020 |a 9789833949175 
020 |a 9789833949236(set) 
090 0 0 |a MOR   |b MAL 
100 0 |a Oly Suraidah 
245 1 0 |a Terlewat   |c Oly Suraidah 
260 |a Kuala Lumpur :   |b Star Trading ,   |c 2008 
490 0 |a Siri nilai murni 
999 |a 0001062447   |b Book   |c Children Collection   |e Cawangan Taman Sri Lambak 
999 |a 0001088261   |b Book   |c Children Collection   |e Cawangan Pontian 
999 |a 0001088277   |b Book   |c Adult Collection   |e Cawangan Bandar Penawar 
999 |a 0001088293   |b Book   |c Children Collection   |e Cawangan Segamat 
999 |a 0001088301   |b Book   |c Children Collection   |e Cawangan Taman Sri Lambak 
999 |a 0001088309   |b Book   |c Children Collection   |e Cawangan Bukit Gambir 
999 |a 0001088317   |b Book   |c Children Collection   |e Cawangan Tangkak 
999 |a 0001088325   |b Book   |c Children Collection   |e Cawangan Taman Universiti 
999 |a 0001088333   |b Book   |c Children Collection   |e Cawangan Kota Tinggi 
999 |a 0001088365   |b Book   |c Children Collection   |e Cawangan Pontian 
999 |a 0001088381   |b Book   |c Adult Collection   |e Cawangan Bandar Penawar 
999 |a 0001088389   |b Book   |c Children Collection   |e Cawangan Pontian 
999 |a 0001088405   |b Book   |c Children Collection   |e Cawangan Pontian 
999 |a 0001088444   |b Book   |c Children Collection   |e Cawangan Bukit Gambir 
999 |a 0001088460   |b Book   |c Children Collection   |e Cawangan Segamat 
999 |a 0001088476   |b Book   |c Children Collection   |e Cawangan Segamat 
999 |a 0001088492   |b Book   |c Children Collection   |e Cawangan Bukit Gambir 
999 |a 0001088516   |b Book   |c Children Collection   |e Cawangan Tangkak 
999 |a 0001088532   |b Book   |c Children Collection   |e Cawangan Tangkak 
999 |a 0001088548   |b Book   |c Children Collection   |e Cawangan Taman Universiti 
999 |a 0001088572   |b Book   |c Children Collection   |e Cawangan Mersing 
999 |a 0001088580   |b Book   |c Children Collection   |e Cawangan Pontian 
999 |a 0001088588   |b Book   |c Children Collection   |e Cawangan Kota Tinggi 
999 |a 0001088596   |b Book   |c Adult Collection   |e Cawangan Bandar Penawar 
999 |a 0001088604   |b Book   |c Children Collection   |e Cawangan Segamat 
999 |a 0001088620   |b Book   |c Children Collection   |e Cawangan Bukit Gambir 
999 |a 0001088636   |b Book   |c Children Collection   |e Cawangan Kota Tinggi 
999 |a 0001088644   |b Book   |c Children Collection   |e Cawangan Taman Universiti 
999 |a 0001088660   |b Book   |c Children Collection   |e Cawangan Bandar Tenggara 
999 |a 0001088668   |b Book   |c Children Collection   |e Cawangan Mersing